Comentarios sobre trabajos relativos a Centroamérica incluídos en el libro de Pablo González Casanova: América Latina historia de medio siglo

সংরক্ষণ করুন:
গ্রন্থ-পঞ্জীর বিবরন
সংস্থা লেখক: FLACSO. Seminario sobre Area Social Centroamericana
বিন্যাস: পাঠ‍্য
প্রকাশিত: s.n.t. :
ট্যাগগুলো: ট্যাগ যুক্ত করুন
কোনো ট্যাগ নেই, প্রথমজন হিসাবে ট্যাগ করুন!

MARC

LEADER 00000 a a2200000 04500
001 16315
003
040
090 |a 012900  
110 |a FLACSO. Seminario sobre Area Social Centroamericana  
245 |a Comentarios sobre trabajos relativos a Centroamérica incluídos en el libro de Pablo González Casanova: América Latina historia de medio siglo  
260 |a s.n.t. :  
300 |a p. varia.  
999 |c 2395  |d 2395